Представление документа в формате MARC21

Поле Инд. ПП Название Значение
Тип записи a
Библиографический уровень b
001 Контрольный номер 30ce841c49e44b2ea2e536b75b8a1a75
005 Дата корректировки 20251121165800.2
008 Кодируемые данные 20140826
040 b Код языка каталог. rus
e Правила каталог. PSBO
041 0_ a Код языка текста rus
084 a Индекс другой классификации/Индекс ББК 88.35в6
100 1_ a Автор Торубарова И. И.
q Полное имя Торубарова Ирина Ивановна
245 10 a Заглавие Феноменологический метод как способ исследования процесса адаптации студентов-первокурсников медицинского университета
500 a Примечание Электронная версия статьи: https://doi.org/10.30853/pedagogy.2018.4.16
504 a Библиография Лит. в конце статьи
520 0_ a Аннотация Статья посвящена проблеме качественных методов исследования и возможности их применения для изучения эмоционально-психической сферы первокурсников на начальном этапе обучения в университете.
650 04 a Основная рубрика психология; психология личности; методология науки; методы научного исследования
653 1_ a Ключевые слова высшее учебное заведение (вуз)
a Ключевые слова гедонистические переживания
a Ключевые слова гедонистические переживания
a Ключевые слова гедонистические переживания
a Ключевые слова гедонистические переживания
a Ключевые слова качественные методы
a Ключевые слова медицинский университет
a Ключевые слова образовательный процесс
a Ключевые слова организация учебного процесса
a Ключевые слова первокурсники
a Ключевые слова переживания
a Ключевые слова психологическая подготовка
a Ключевые слова Россия
a Ключевые слова социальная адаптация
a Ключевые слова студенты-медики
a Ключевые слова университеты
a Ключевые слова феноменологический метод
a Ключевые слова эмоциональная сфера
a Ключевые слова эффективность обучения
773 08 t Заглавие источника Педагогика. Вопросы теории и практики
d Дата издания источника 2018
g Прочая информация № 4. - С. 73 - 77
w Контрольный № источника DU/602701126
901 t Тип документа b